000 00247nam a2200109Ia 4500
008 190216s9999||||xx |||||||||||||| ||und||
100 _aAlexander Balyoyov
245 0 _aKadal Manushyar
260 _bRaduga Pub
650 _aMalayalam
942 _cBK
999 _c26641
_d26641